00720pam a2200229 a 4500001000800000005001700008008004100025010001700066020002500083040001800108041000800126080001800134082002200152100000700174101000800181245005900189504005100248906004500299942001200344999001700356952011700373329675120180206091719.0830914s1984 nyua b 001 0 eng  a 83019786  a0471868345 :c$19.95 aDLCcDLCdDLC aeng a658.4094 WAR00a658.4094 WAR2191 a53 aMAN10aJudgments, choices, and decisions :cWarren J. Keegan. aIncludes bibliographical references and index. a7bcbccorignewd1eocipf19gy-gencatlg 2ddccBK c41949d41949 00102udc40708PËKGa002b002cPËKGd2018-02-06l0o658.4094 WARp002-2999076r2018-02-06w2018-02-06yBK